MDQL
is popping MORE tags! Check the
thread
!
Quizzes
Events
Quiz Creation
Community
Videos
Private Events
Remove Ads
Sign In
Join for FREE
Feedback
Dark Mode
Quiz Categories
Sports
Geography
Music
Movies
Television
Just For Fun
Miscellaneous
History
Literature
Language
Science
Gaming
Entertainment
Religion
Holiday
For Kids
Quiz Lab
Recent
Popular Today
Quiz Kudos Today
Editor Picks
Curator Picks
Quizzes by...
Day
Popularity
Type
Ratings
Length
Year
Community
Subscriptions
Recent Discussions
Orange Saloon
Badges
Playlists
Quests
Create
Leaderboards
Showdown
Live 5
Trivia Bingo
Activity
Puzzle Library
Sporcle Events
Private Events
Virtual Trivia
Globe League
Become a Host
Pub Owners
SporcleCon
Opinionation
Our Games
Videos
Blog
Mobile Apps
Partnerships
Remove Ads and Go Orange
Feedback
Gaming
Video Games
Board Games
Card Games
Pokémon
Mario
Nintendo
Minecraft
Console
Toys
Legend of Zelda
Gaming
Video Games
Board Games
Card Games
Pokémon
Mario
Nintendo
Minecraft
Console
Toys
Legend of Zelda
Random Quiz
Search Sporcle
×
Quiz Lab
Quiz Lab
Gaming
Clickable
Select answers by clicking on text or image buttons
Select answers by clicking on text or image buttons
Clickable
Best Score? Go Orange.
Single Type Pokemon 18 to 1 Sorting Gallery Stats
Can you match the Single Type Pokemon to their correct types?
By
squirrelgirlk
20m
171 Questions
539 Plays
539 Plays
539 Plays
Comments
Comments
Give Quiz Kudos
Give Quiz Kudos
-
- Ratings
hide this ad
More Info
Forced Order
Answers have to be entered in order
Answers have to be entered in order
Replay
Link that replays current quiz
Next Quiz
Link to next quiz in quiz playlist
You Got
0%
They Got
Avg Score
69%
Avg Friend Score
Upgrade to see
Score Distribution
Jump to the score distribution portion of the page
Score
0/171
Timer
20:00
0
Plays Today
% Correct
Aipom
94.2%
Chansey
90%
Eevee
89.1%
Ditto
88.1%
Buneary
86.5%
Meowth
86.3%
Audino
86.1%
Zigzagoon
85.9%
Snorlax
85.7%
Porygon
85.3%
Lickitung
85.2%
Raticate
85%
Sentret
83.3%
Ursaring
83.1%
Exploud
82.6%
Miltank
82.4%
Poliwag
80.9%
Feraligatr
80.3%
Mudkip
79.8%
Seadra
79.8%
Floatzel
79.6%
Vaporeon
79.6%
Wailord
79.6%
Squirtle
79.4%
Magikarp
79.2%
Octillery
79.2%
Froakie
78.8%
Piplup
78.8%
Seel
78.8%
Bouffalant
78.7%
Bayleef
78.7%
Bellossom
78.3%
Panpour
77.6%
Leafeon
76.8%
Carnivine
75.9%
Abra
75%
Tangela
74%
Dewott
73.8%
Sunflora
73.8%
Treecko
73.8%
Sceptile
73.7%
Espeon
73.7%
Regigigas
73.5%
Hypno
72.9%
Pansage
72.7%
Seedot
72.5%
Snivy
72.5%
Turtwig
72.5%
Charmander
72.4%
Shellos
72.2%
Arcanine
72.2%
Electabuzz
72.2%
Electrode
71.8%
Cherubi
71.6%
Cyndaquil
71.4%
Flareon
71.4%
Magmar
71.4%
% Correct
Mew
71.2%
Chimchar
71.2%
Shroomish
71.1%
Pikachu
70.3%
Eelektrik
70.1%
Jolteon
70.1%
Hitmonlee
70.1%
Hitmontop
70.1%
Raichu
69.9%
Hitmonchan
69.9%
Ponyta
69.8%
Grotle
69.6%
Espurr
69.4%
Torchic
69.4%
Heatmor
69.2%
Slugma
68.8%
Vulpix
68.8%
Caterpie
68.6%
Tympole
68.5%
Tepig
68.5%
Voltorb
68.5%
Hariyama
68.3%
Machop
68.3%
Unown
68.1%
Pansear
68.1%
Flaaffy
68.1%
Plusle
67.9%
Clefairy
67.9%
Gothita
67.5%
Minun
67.5%
Clefable
67.5%
Cleffa
67.2%
Arbok
67.2%
Azelf
66.8%
Spoink
66.8%
Uxie
66.8%
Dragonair
66.8%
Braixen
66.6%
Mankey
66.6%
Metapod
66.6%
Dratini
66.6%
Luxray
66.4%
Tyrogue
66.4%
Blitzle
66.2%
Pachirisu
66%
Muk
65.7%
Wurmple
65.5%
Ekans
65.5%
Elgyem
65.3%
Pinsir
65.3%
Regirock
65.3%
Kricketot
65.1%
Glaceon
65.1%
Dusknoir
65.1%
Mesprit
64.9%
Koffing
64.7%
Darkrai
64.7%
% Correct
Registeel
64.7%
Munna
64.4%
Weezing
64.4%
Scatterbug
64.2%
Diglett
64.2%
Throh
63.8%
Timburr
63.8%
Sylveon
63.8%
Regice
63.8%
Vanillite
63.8%
Tornadus
63.8%
Silcoon
63.3%
Volbeat
63.3%
Togepi
63.3%
Solosis
63.1%
Burmy
63.1%
Groudon
63.1%
Misdreavus
63.1%
Axew
62.9%
Druddigon
62.9%
Seviper
62.7%
Nidorino
62.5%
Sawk
62.3%
Cryogonal
62.3%
Cubchoo
62.3%
Mienshao
62.2%
Klink
62.2%
Hippopotas
62%
Boldore
62%
Umbreon
62%
Pineco
61.8%
Aromatisse
61.8%
Gulpin
61.8%
Trubbish
61.8%
Marowak
61.8%
Sandshrew
61.8%
Avalugg
61.8%
Sudowoodo
61.8%
Snubbull
61.6%
Shuppet
61.4%
Phanpy
61%
Reuniclus
60.3%
Floette
60.3%
Mightyena
60.3%
Snorunt
59.9%
Roggenrola
59.9%
Drilbur
59.6%
Pancham
59.4%
Shelgon
59.4%
Xerneas
59.2%
Nosepass
59%
Liepard
58.6%
Karrablast
58.4%
Trapinch
58.3%
Quilladin
57.9%
Goomy
57.9%
Slurpuff
57.7%
Quiz Playlist
Details
Report
Send in Message
Add To Playlist
More Info:
Each of these Pokémon has just one type. Match the Pokémon to their correct type.
Clickable:
Select answers by clicking on text or image buttons
Forced Order:
Answers have to be entered in order
Last Updated: Feb 16, 2017
Quiz Scoreboard
CHALLENGE
Sign Up to Join the Scoreboard
Show All
Scores
Hide
Comments
May contain spoilers
Recently Published
Holiday 10x10 Sorting Gallery
by lukepisani3
Holiday
15m
Two Season TV Shows II
by 123Four
Television
10m
Image Sorting: Flags VI
by Barbecue
Geography
2m
More to Explore
Quiz From the Vault
Featured Blog Post
14 Easter Pick-up Lines to Find Eggs With
hide this ad
You Might Also Like...
Tags
Clickable Quiz
Pokémon Quiz
Gallery
Single
Today's Top Quizzes in Gaming
Browse Gaming
hide this ad
Today's Top Quizzes in Clickable
Browse Clickable
Top Contributed Quizzes in Gaming
1
League of Legends Pro Players by Career/Team History
2
Genshin Impact Logic Puzzle
3
Destiny 2 exotic weapons by perk icons
4
Genshin murder mystery
5
4x4 Decades: Video Games
6
Genshin Impact Logic Puzzle Quiz
7
Ultimate Genshin Impact Logic Puzzle (up to 4.3)
8
Dead By Daylight Logic Puzzle
9
Who's on the WWE 2K24 Cover?
10
Overwatch Logic Puzzle
Explore More
Trending Topics
NBA
Crossword
Harry Potter
Marvel
Kpop
Disney
Anime
WWE
Song
Puzzle
Soccer
Country
The Office
NFL
Pokémon
hide this ad
More By:
squirrelgirlk
Quiz
Plays
Rating
Category
Featured
Created
Match the Pokemon to its Signature Move Picture Click
5,333
4.74
Gaming
Jun 8, 2016
College Sports Logos on a Map (Picture Click)
5,117
4.86
Sports
Jan 12, 2022
10 by 10 Shooting Gallery
2,067
3.67
Miscellaneous
Jun 20, 2016
Pokemon Japanese Names Picture Click
977
5.00
Gaming
Jun 12, 2016
Unique Pokémon Type Picture Click
664
4.56
Gaming
Jun 7, 2016
Go to Creator's Profile
Score Distribution
Quiz Creator Spotlight
squirrelgirlk
Follow
Send a Message
Quizzes Created
-
Created Quiz Play Count
-
More By This Creator
Popular Quizzes Today
1
Find the US States - No Outlines Minefield
2
Colored Red Africa Blitz
3
Find the 'City' Movie
4
The Countries of the World
5
5x2 Blitz: Bands
6
Find the Countries of Europe - No Outlines Minefield
7
Find the US States
8
US States
More Gaming Quizzes
Alphabetised Anagrams: First Gen. Pokémon
Curator's Pick
Trending Quizzes
Colored Red Europe Blitz I
Colored Red Europe Blitz II
Colored Red Africa Blitz II
Even More Two Season TV Shows
Colored Red Africa Blitz III
Recently Updated
Odd Team Out - Big 4 Players
pecheneg
Quick Pick: 20 Twenties
pecheneg
March Madness Men's Triple Doubles
pecheneg
How Do You Spell That?
pecheneg
Godzilla Movies
pecheneg
Grab Bag: 4-10 Letters
pecheneg
2024 March Madness Bracket
pecheneg
Famous TV Couples
Peacemaker
Champions League XIs: Real Madrid
pecheneg
Largest US Cities 1790-2010
pecheneg
Trending Topics
Disney
NBA
Anime
Crossword
Marvel
Kpop
Harry Potter
Country
The Office
Soccer
WWE
Song
NFL
Pokémon
Puzzle
Your Account Isn't Verified!
In order to create a playlist on Sporcle, you need to verify the email address you used during registration. Go to your
Sporcle Settings
to finish the process.
Report this User
Report this user for behavior that violates our
Community Guidelines
.
Details:
Send Report
Go to the Sporcle.com Mobile Site →
Comments